| 000 | 01128cam a2200289 i 4500 | ||
|---|---|---|---|
| 999 |
_c478211 _d478211 |
||
| 001 | 3224887 | ||
| 003 | NUST | ||
| 005 | 20180412101747.0 | ||
| 008 | 791115s1978 pk 000 1 urdo | ||
| 010 | _a 78931186 | ||
| 020 |
_cRs320.00 _a9789693521986 |
||
| 040 |
_aDLC _cDLC _dDLC |
||
| 050 | 0 | 0 |
_aPK2199.H338 _bA83 |
| 082 |
_a891.4393 _bMAN |
||
| 100 | 1 |
_aManṭo, Saʻādat Ḥasan, _d1912-1955. _91443 |
|
| 245 | 1 | 0 |
_aAnārkalī / _cSaʻādat Ḥasan Manṭo. |
| 260 |
_aLāhaur : _bMuḥammad Navāz : milne kā patah, Maktabah-yi Urdū Adab, _c1978. |
||
| 300 |
_a174 p. ; _c18 cm. |
||
| 500 | _aIn Urdu. | ||
| 500 | _aShort stories. | ||
| 505 | 0 | _aAnārkalī.--Naʻīmah.--Badtamīzī.--Qādirā qaṣāʼī.--K̲h̲vudkushī.--Pishāvar se Lāhaur tak.--Bijlī pahlvān.--Ek zāhidah ek fāḥishāh.--Shīda.--Buḍḍha khūsaṭ. | |
| 880 |
_6100-01\r _aسعادت حسن منٹو |
||
| 880 |
_6245-02\r _aانار کلی _cسعادت حسن منٹو |
||
| 880 |
_6260-03\r _aلاہور: _bسنگ میل پبلی کیشنز، _c2009 |
||
| 906 |
_a7 _bcbc _corignew _d4 _encip _f19 _gy-gencatlg |
||
| 942 |
_2ddc _cBK |
||